| 000 | 00635nam a2200193Ia 4500 | ||
|---|---|---|---|
| 003 | OSt | ||
| 005 | 20250217162454.0 | ||
| 008 | 210210b1992 xxu||||| |||| 00| 0 eng d | ||
| 040 | _cAL | ||
| 041 | _aKannada | ||
| 082 | _aK894.9 KARK | ||
| 100 |
_aKARNATAKA SAHITYA AKADEMI _dಕರ್ನಾಟಕ ಸಾಹಿತ್ಯ ಅಕಾಡೆಮಿ _9200408 |
||
| 245 |
_aKannada Sahitya Samikshe 1990 _bಕನ್ನಡ ಸಾಹಿತ್ಯ ಸಮೀಕ್ಷೆ ೧೯೯೦ |
||
| 260 |
_aDharavada _bKarnataka Sahitya Akademi _c1992 |
||
| 300 | _axiii,212 | ||
| 690 |
_aKannada Criticism _9200409 |
||
| 906 | _a054078 | ||
| 942 |
_2ddc _cBK |
||
| 999 |
_c102060 _d102060 |
||